000 00528nam a2200181Ia 4500
008 100920s9999 xx 000 0 und d
082 _b90022
_a7 थ 85
100 _aEdited by-Nandy Pritish.
245 _aMODERN INDIAN STORIES SECOND VOLUME.
260 _bTARANG PAPERBACKS.
_c1985
300 _a118
_bसाधी
365 _b0
520 _aस्टोरी.
630 _aMODERN INDIAN STORIES SECOND VOLUME.
650 _aस्टोरी.
730 _aMODERN INDIAN STORIES SECOND VOLUME.
942 _cBOOK
999 _c730513
_d730510